| 000 | 01017nam a22002537a 4500 | ||
|---|---|---|---|
| 005 | 20170717111114.0 | ||
| 010 | _a1516EN07 ENG-114905 | ||
| 020 |
_a9789325990180 _c425.00 |
||
| 035 | _aEN-98437 | ||
| 035 | _aB-612998-021 | ||
| 035 | _aB-668054 | ||
| 037 |
_bTechniz _adpl |
||
| 037 | _bDBAD/PUB | ||
| 082 | _a620.0014 | ||
| 100 | _aVerma,Shalini | ||
| 245 | 0 | 0 |
_aTechnical communication for engineers / _cby Shalini Verma |
| 260 |
_aNoida _bVikas Publishing House _c2015 |
||
| 270 |
_aE-28, Sector-8, _bNoida _e201301 |
||
| 300 |
_axx,746p. : _c24cm(pbk) _bill. |
||
| 500 | _aIncludes bibliographical references | ||
| 942 |
_2ddc _cEN _mVER _h620.0014 |
||
| 999 |
_c95760 _d95760 |
||